000 01358cam a2200361 i 4500
001 64317
003 Mx-PuUPA
005 20250507113515.0
008 151006s2017 mx gr 000 0 spa d
020 _cEn trámite
040 _aMx-PuUPA
_cMx-PuUPA
_bspa
_dMx-PuUPA
_erda
041 0 _aspa
100 1 _aMorales Flores, Eudoxio,
_95866
_eautor
245 1 3 _aLa democradura en tiempos de Moreno Valle /
_bEudoxio Morales Flores, F. Humberto Sotelo M., Norberto Amaya Aquino
250 _aPrimera edición /
_benero
264 1 _aPuebla, Pue. :
_bBenemérita Universidad Autónoma de Puebla : Cámara de Diputados / LXXX Legislatura,
_c2017
300 _a254 páginas ;
_c23 cm
336 _atexto
_btxt
_2rdacontent
337 _2rdamedia
_asin medio
_bn
338 _2rdacarrier
_avolumen
_bnc
650 7 _2armarc
_913986
_aDespotismo morenovallista
650 7 _2armarc
_aPoder (Ciencias sociales)
_zPuebla
650 7 _2Autoritarismo
_913986
651 4 _aPuebla
_xPolítica y gobierno
_y2011 - 2017
651 4 _aPuebla
_zMéxico
_xPobreza
700 1 _aSotelo M. F. Humberto,
_eautor
700 1 _aAmaya Aquino, Norberto,
_eautor
942 _2ddc
_cLI
_h320.97248
_iM82
999 _c64317
_d64317